000 00618nam a2200217 a 4500
001 6647
005 20180713190524.0
008 140415s1992 mx 000 0 spa d
041 _aspa
082 _a658.403
_bHUB
100 1 _aHUBER, GEORGE P.
245 1 0 _aTOMA DE DECISIONES EN LA GERENCIA
250 _a2a ed.
260 _aMEXICO :
_bTRILLAS,
_c1992
300 _a247
490 _aTEORIA Y PRACTICA ORGANIZACIONAL
650 1 4 _aADMINISTRACION
_xTOMA DE DECISIONES
700 1 _aVILLEGAS GARCIA, CARLOS
_etr.
700 1 _aFilley, Alan C.
_eprĂ³l.
740 _aMANAGERIAL DECISION MAKING
999 _c6647
_d6647